Normal view MARC view
  • Export Performance and its Determinants : Supply and Demand constraints

Entry Corporate Name

Number of records used in: 2

001 - CONTROL NUMBER

  • control field: 3267

003 - CONTROL NUMBER IDENTIFIER

  • control field: CBULib

005 - DATE AND TIME OF LATEST TRANSACTION

  • control field: 20240813101546.0

008 - FIXED-LENGTH DATA ELEMENTS

  • fixed length control field: 240813|| aca||aabn | a|a d

040 ## - CATALOGING SOURCE

  • Original cataloging agency: CBULib

110 ## - HEADING--CORPORATE NAME

  • Corporate name or jurisdiction name as entry element: Export Performance and its Determinants : Supply and Demand constraints

147 ## - HEADING--NAMED EVENT

  • Named event: Export Performance and its Determinants : Supply and demand Constraints